| 000 | 00494nam a2200217Ia 4500 | ||
|---|---|---|---|
| 008 | 210210b1909 xxu||||| |||| 00| 0 eng d | ||
| 041 | _aeng | ||
| 082 | _a444/85 | ||
| 100 | _aMACE (J) | ||
| 245 | _aPetit ravageot: tire des contes du petit chateau | ||
| 260 |
_aLondon _bMacmillan & Co. Ltd. _c1909 |
||
| 650 | _atire | ||
| 650 | _aravageot: | ||
| 650 | _aPetit | ||
| 650 | _adu | ||
| 650 | _ades | ||
| 650 | _acontes | ||
| 650 | _achateau | ||
| 690 | _aFrench | ||
| 906 | _a006280 | ||
| 999 |
_c129300 _d129300 |
||